Central Library OPAC University of Rajshahi

The philosophy of physical realism / (Record no. 28956)

MARC details
000 -LEADER
fixed length control field 00873cam a22002651 4500
001 - CONTROL NUMBER
control field 28956
003 - CONTROL NUMBER IDENTIFIER
rucl marc code BD-RjUL
005 - DATE AND TIME OF LATEST TRANSACTION
control field 20211209051343.0
008 - FIXED-LENGTH DATA ELEMENTS--GENERAL INFORMATION
fixed length control field 140401r19661932nyu 001 0 eng
035 ## - SYSTEM CONTROL NUMBER
System control number (BD-RjUL)29040
System control number (OCoLC)371391
040 ## - CATALOGING SOURCE
Original cataloging agency DLC
Transcribing agency ODaWU
Modifying agency OCoLC
-- DLC
Language of cataloging eng
041 ## - LANGUAGE CODE
Language code of text/sound track or separate title eng
082 ## - DEWEY DECIMAL CLASSIFICATION NUMBER
Classification number 149.2
Author mark and year SEP 1966
100 1# - MAIN ENTRY--PERSONAL NAME
Personal name Sellars, Roy Wood,
Dates associated with a name 1880-1973.
9 (RLIN) 88471
245 14 - TITLE STATEMENT
Title The philosophy of physical realism /
Statement of responsibility, etc. Roy Wood Sellars
260 ## - PUBLICATION, DISTRIBUTION, ETC. (IMPRINT)
Place of publication, distribution, etc. New York :
Name of publisher, distributor, etc. Russell & Russell,
Date of publication, distribution, etc. 1966.
300 ## - PHYSICAL DESCRIPTION
Pagination xiv, 533 p. :
Size 24 cm.
500 ## - GENERAL NOTE
General note First published in 1932. Reissued 1966 with 2 additional chapters: American critical realism and British theories of sense--perception, by G. E. Moore and others.
504 ## - BIBLIOGRAPHY, ETC. NOTE
Bibliography, etc Includes index
650 #0 - SUBJECT ADDED ENTRY--TOPICAL TERM
Topical term or geographic name as entry element Realism.
9 (RLIN) 88472
942 ## - ADDED ENTRY ELEMENTS (KOHA)
Source of classification or shelving scheme Dewey Decimal Classification
Koha item type Books
Holdings
Lost status Source of classification or shelving scheme Damaged status Not for loan Collection code Permanent Location Current Location Shelving location Date acquired Source of acquisition Cost, normal purchase price Total Checkouts Full call number Date last seen Copy number Koha item type
  Dewey Decimal Classification   Added to bundle Non-fiction Central Library, University of Rajshahi Central Library, University of Rajshahi Reading Room 19/09/1985 N/A 0.00   149.2 SEP 1966 01/04/2014 C-1 Books